Country Names WITHOUT an E I or O - Statistics

General Stats
  • This quiz has been taken 153 times
  • The average score is 17 of 26
Answer Stats
Country % Correct
Japan
86%
Canada
84%
Cuba
78%
Qatar
73%
Chad
72%
Rwanda
70%
Panama
68%
Paraguay
68%
Vanuatu
67%
Nauru
66%
Tuvalu
66%
Ghana
65%
Palau
65%
Malta
64%
Uruguay
64%
Bhutan
63%
Uganda
62%
Bahamas
58%
Cyprus
56%
Kazakhstan
56%
Burma / Myanmar
53%
Hungary
53%
Sudan
53%
Guyana
52%
Madagascar
50%
Kyrgyzstan
48%
No matching quizzes found
Score Distribution
Percent of People with Each Score
Percentile by Number Answered
Your Score History
You have not taken this quiz